वीर साहबो/ (Record no. 68226)

MARC details
000 -LEADER
fixed length control field 00778nam a22001697a 4500
005 - DATE AND TIME OF LATEST TRANSACTION
control field 20120627171223.0
020 ## - INTERNATIONAL STANDARD BOOK NUMBER
International Standard Book Number 8180990141
Terms of availability 150.00
082 ## - DEWEY DECIMAL CLASSIFICATION NUMBER
Classification number
100 ## - MAIN ENTRY--PERSONAL NAME
Personal name फुल्ल, सुशील कुमार
245 ## - TITLE STATEMENT
Title वीर साहबो/
Statement of responsibility, etc सुशील कुमार फुल्ल
260 ## - PUBLICATION, DISTRIBUTION, ETC. (IMPRINT)
Place of publication, distribution, etc नई दिल्ली
Name of publisher, distributor, etc झारीसन
Date of publication, distribution, etc 2012
270 ## - ADDRESS
Address आई-2/16, अंसारी रोड, दरियागंज
City नई दिल्ली
Postal code 110002
Telephone number 23279853
300 ## - PHYSICAL DESCRIPTION
Extent 80 पृ.
Dimensions 22 सें.मी.(सजिल्द)
942 ## - ADDED ENTRY ELEMENTS (KOHA)
Source of classification or shelving scheme Dewey Decimal Classification
Item type Children Books
Classification part
Call number suffix फुल्लसु
Holdings
Withdrawn status Lost status Not for loan Home library Current library Date acquired Cost, normal purchase price Full call number Cost, replacement price Koha item type
      Andrews Gunj Andrews Gunj 27/06/2012 150.00 उ फुल्लसु 150.00 Children Books

© Delhi Public Library
Hit Counter
free hit counter